Statistics for All train stations in Wellington, New Zealand

Click here to take the quiz!

General Stats

  • This quiz has been taken 466 times
  • The average score is 26 of 48

Answer Stats

LineAnswer% Correct
Hutt ValleyWellington
91%
Hutt ValleyPetone
89%
Hutt ValleyUpper Hutt
87%
MellingMelling
85%
JohnsonvilleJohnsonville
82%
KapitiPorirua
78%
Hutt ValleyWaterloo
76%
KapitiTawa
74%
WairarapaMasterton
73%
WairarapaFeatherston
67%
KapitiParaparaumu
67%
Hutt ValleySilverstream
65%
Hutt ValleyAva
63%
KapitiWaikanae
63%
Hutt ValleyNaenae
62%
Hutt ValleyNgauranga
62%
Hutt ValleyTrentham
62%
JohnsonvilleNgaio
60%
JohnsonvilleKhandallah
58%
Hutt ValleyTaita
58%
KapitiPlimmerton
57%
WairarapaCarterton
54%
KapitiPaekakariki
53%
KapitiMana
50%
KapitiPukerua Bay
49%
MellingWestern Hutt
49%
Hutt ValleyWoburn
49%
JohnsonvilleCrofton Downs
47%
Hutt ValleyEpuni
47%
Hutt ValleyManor Park
45%
KapitiRedwood
45%
JohnsonvilleBox Hill
43%
KapitiLinden
43%
JohnsonvilleSimla Crescent
41%
Hutt ValleyWallaceville
40%
Hutt ValleyHeretaunga
39%
KapitiKenepuru
39%
Hutt ValleyPomare
38%
KapitiParemata
37%
WairarapaMaymorn
36%
Hutt ValleyWingate
35%
JohnsonvilleRaroa
34%
JohnsonvilleAwarua St
33%
WairarapaSolway
32%
WairarapaRenall St
28%
KapitiTakapu Rd
27%
WairarapaMatarawa
24%
WairarapaWoodside
24%

Score Distribution

Percentile by Number Answered

Percent of People with Each Score

Your Score History

You have not taken this quiz